Obchodné listy mesačník pre úspešný predaj

Na minha lista:
Detalhes bibliográficos
Formato: Periódico
Idioma:eslovaco
Publicado em: Bratislava PEREXIS 1997
Assuntos:
Tags: Adicionar Tag
Sem tags, seja o primeiro a adicionar uma tag!

MARC

LEADER 00000nas2a2200000 4500
001 s121362
005 20221220131138.2
041 0 |a slo 
044 |a SK 
245 1 0 |a Obchodné listy  |b mesačník pre úspešný predaj 
264 1 |a Bratislava  |b PEREXIS  |c 1997 
300 |a 1 zv. 
773 0 |w eu_un_cat*s121346 
610 2 0 |a obchod 
610 2 0 |a predaj 
610 2 0 |a marketing